A question of title (Record no. 81266)
[ view plain ]
| 000 -LEADER | |
|---|---|
| fixed length control field | 01081cab a22002415a 4500 |
| 001 - CONTROL NUMBER | |
| control field | L146721 |
| 008 - FIXED-LENGTH DATA ELEMENTS--GENERAL INFORMATION | |
| fixed length control field | 090219s2009 xxka f g 000 0 eng d |
| 035 ## - SYSTEM CONTROL NUMBER | |
| System control number | (Sirsi) u146721 |
| 041 0# - LANGUAGE CODE | |
| Language code of text/sound track or separate title | eng |
| 100 1# - MAIN ENTRY--PERSONAL NAME | |
| Personal name | Ives, Paul |
| 245 02 - TITLE STATEMENT | |
| Title | A question of title |
| Remainder of title | part II |
| 260 ## - PUBLICATION, DISTRIBUTION, ETC. | |
| Date of publication, distribution, etc. | 2009 |
| 490 ## - SERIES STATEMENT | |
| Series statement | The Letting Update Journal |
| Volume/sequential designation | (16)4 January 2009, 29(1) |
| 520 ## - SUMMARY, ETC. | |
| Summary, etc. | The second part of this article for students looks at how the demise of a landlord can affect the tenancy. The author states that tenancies will typically continue on as before, with the executor/s serving as the new landlord/s. Also discusses what will happen when the executor/s decide to sell the property, agency and statutory and practical considerations. |
| 520 ## - SUMMARY, ETC. | |
| Summary, etc. | Also see Part I of the article (L144445). |
| 650 24 - SUBJECT ADDED ENTRY--TOPICAL TERM | |
| Topical term or geographic name entry element | YOUNGMAN V HEATH |
| 650 24 - SUBJECT ADDED ENTRY--TOPICAL TERM | |
| Topical term or geographic name entry element | HOUSING ACT 1985 |
| 650 24 - SUBJECT ADDED ENTRY--TOPICAL TERM | |
| Topical term or geographic name entry element | HOUSING ACT 2004 |
| 650 24 - SUBJECT ADDED ENTRY--TOPICAL TERM | |
| Topical term or geographic name entry element | LANDLORD AND TENANT ACT 1987 |
| 651 #4 - SUBJECT ADDED ENTRY--GEOGRAPHIC NAME | |
| Geographic name | England and Wales |
| Chronological subdivision | 1543- |
| 690 ## - LOCAL SUBJECT ADDED ENTRY--TOPICAL TERM (OCLC, RLIN) | |
| Topical term or geographic name as entry element | PROPERTY-RESIDENTIAL PROPERTY-RESIDENTIAL LANDLORD AND TENANT-RESIDENTIAL TENANCIES |
| 942 ## - ADDED ENTRY ELEMENTS (KOHA) | |
| Suppress in OPAC | 0 |
| Withdrawn status | Lost status | Source of classification or shelving scheme | Damaged status | Not for loan | Home library | Current library | Shelving location | Date acquired | Total Checkouts | Full call number | Barcode | Date last seen | Copy number | Price effective from | Koha item type |
|---|---|---|---|---|---|---|---|---|---|---|---|---|---|---|---|
| Dewey Decimal Classification | London | London | Journal article | 19/02/2009 | L146721 | 146721-1001 | 06/08/2019 | 1 | 06/08/2019 | Journal article |